• 首页
  • 本馆介绍
  • 公告通知
  • 最新文献
  • 馆藏检索
  • 电子资源
  • 读者导购
  • 参考咨询
  • 我的图书馆
  • 登录
  • 详细信息显示
  • 放入我的书架
  • 预约/预借图书
  • 作者相关作品
  • 分类相关作品
  • 丛书相关作品
  • 出版社相关作品

书目信息

  • 表格格式
  • 工作单格式
  • 卡片格式
题名:
民国时期社会保险理论与实践研究
    
 
作者: 李琼 著
分册:  
出版信息: 北京   社会科学文献出版社  2014.10
页数: 210页
开本: 24cm
丛书名:
单 册:
中图分类: F842.9
科图分类:
主题词: 社会保险--经济史--研究--中国--民国 , 经济史 , 研究 , 中国
电子资源:
ISBN: 978-7-5097-6678-1
000 01298nam0 2200289 450
001 351921
005 20161017110931.49
010    @a978-7-5097-6678-1@dCNY69.00
100    @a20141216d2014 kemy0chiy50 ea
101 0  @achi@eeng
102    @aCN@b110000
105    @ay v 000yy
106    @ar
200 1  @a民国时期社会保险理论与实践研究@dThe study on theory and practice of social insurance during the period of the Republic of China@f李琼著@zeng
210    @a北京@c社会科学文献出版社@d2014.10
215    @a210页@d24cm
300    @a湖北省社科基金项目成果 华中科技大学自主创新研究基金项目 “中央高校基本科研业务费”资助
330    @a本书从民国时期社会保险产生的历史背景、社会保险思想理论基础、社会保险立法与行政及社会保险实务等方面,对民国时期的社会保险进行综合研究,南京国民政府及中国共产党的社会保险主张及实践是其中主要内容。作者通过历史学的实证方法,同时借用政治学、社会学的相关方法,在研究内容上有所深化,弥补了民国时期社会保障史研究的一些不足。
510 1  @aStudy on theory and practice of social insurance during the period of the Republic of China@zeng
606 0  @a社会保险@x经济史@x研究@y中国@z民国
606 0  @a经济史
606 0  @a研究
606 0  @a中国
690    @aF842.9@v5
701  0 @a李琼@4著
801  0 @aCN@bTANGWEI@c20161010
905    @b0897185-9@dF842.9@e125@f5
    
    民国时期社会保险理论与实践研究=The study on theory and practice of social insurance during the period of the Republic of China/李琼著.-北京:社会科学文献出版社,2014.10
    210页;24cm
    湖北省社科基金项目成果 华中科技大学自主创新研究基金项目 “中央高校基本科研业务费”资助
    
    ISBN 978-7-5097-6678-1:CNY69.00
    本书从民国时期社会保险产生的历史背景、社会保险思想理论基础、社会保险立法与行政及社会保险实务等方面,对民国时期的社会保险进行综合研究,南京国民政府及中国共产党的社会保险主张及实践是其中主要内容。作者通过历史学的实证方法,同时借用政治学、社会学的相关方法,在研究内容上有所深化,弥补了民国时期社会保障史研究的一些不足。
●
相关链接 在E读中查询图书 在五车中查询图书 在当当中查询图书 在豆瓣中查询图书


正题名:民国时期社会保险理论与实践研究     索取号:F842.9/125         预约/预借

序号 登录号 条形码 馆藏地/架位号 状态 备注
1 0897185   208971852   第一样本阅览室/ [索取号:F842.9/125] 在馆    
2 0897186   208971861   第一借阅区/ [索取号:F842.9/125] 在馆    
3 0897187   208971870   经管系资料室/ [索取号:F842.9/125] 在馆    
4 0897188   208971889   第一借阅区/ [索取号:F842.9/125] 在馆    
5 0897189   208971898   第一借阅区/ [索取号:F842.9/125] 在馆    
唐山师范学院图书馆 欢迎您!
大连网信软件有限公司© 版权所有